000
00261nam a22001217a 4500
008
180312b xxu||||| |||| 00| 0 eng d
041
_a
eng
080
_a
37
100
_a
25
101
_a
EDU
245
_a
THE EVRYDAY WRITERS
_c
ANDREA.A.L
942
_2
udc
_c
BK
999
_c
44747
_d
44747